|
|
|
|
| LEADER |
00000nam0a2200000 4500 |
| 001 |
205581 |
| 005 |
20231101225305.0 |
| 010 |
|
|
|a 9785922113472
|
| 035 |
|
|
|a (RuTPU)RU\TPU\book\224051
|
| 090 |
|
|
|a 205581
|
| 100 |
|
|
|a 20111212d2011 k y0rusy50 ca
|
| 101 |
0 |
|
|a rus
|
| 102 |
|
|
|a RU
|
| 105 |
|
|
|a a z 001zy
|
| 200 |
1 |
|
|a Течение конденсирующихся и запыленных сред в соплах аэродинамических труб
|f А. В. Чирихин
|
| 210 |
|
|
|a Москва
|c Физматлит
|d 2011
|
| 215 |
|
|
|a 280 с.
|c ил.
|
| 320 |
|
|
|a Библиогр.: с. 265-275.
|
| 330 |
|
|
|a В книге разработаны вопросы подобия, модели релаксационных процессов, средства численного воспроизведения повышенной надежности и проведены комплексные исследования стационарных и нестационарных течений с конденсацией и высокотемпературной релаксацией однокомпонентных газов, влажного воздуха и запыленных сред в типичных соплах аэродинамических труб в диапазоне параметров торможения, обеспечивающих сохранение химического состава рабочей среды, и диапазоне чисел Маха от трансзвуковых до гиперзвуковых. Особое внимание уделено случаям сложного пространственного взаимодействия структуры газодинамического поля и релаксации. Рассмотрены некоторые вопросы экспериментального исследования и применения переохлажденных и колебательно неравновесных потоков для задач аэродинамического моделирования. Книга предназначена специалистам в данной области.
|
| 606 |
1 |
|
|a Аэродинамические трубы
|x Сопла
|2 stltpush
|3 (RuTPU)RU\TPU\subj\71556
|9 85413
|
| 610 |
1 |
|
|a аэродинамика
|
| 610 |
1 |
|
|a течения
|
| 610 |
1 |
|
|a запыленные среды
|
| 610 |
1 |
|
|a релаксирующие течения
|
| 610 |
1 |
|
|a колебательная релаксация
|
| 610 |
1 |
|
|a потоки
|
| 610 |
1 |
|
|a феноменологические модели
|
| 610 |
1 |
|
|a релаксирующие газы
|
| 610 |
1 |
|
|a численное моделирование
|
| 610 |
1 |
|
|a трансзвуковые течения
|
| 610 |
1 |
|
|a гиперзвуковые ударные трубы
|
| 610 |
1 |
|
|a неравновесные потоки
|
| 610 |
1 |
|
|a переохлажденные потоки
|
| 610 |
1 |
|
|a экспериментальные исследования
|
| 675 |
|
|
|a 533.6.07
|v 3
|
| 700 |
|
1 |
|a Чирихин
|b А. В.
|g Александр Васильевич
|
| 801 |
|
1 |
|a RU
|b 63413507
|c 20111212
|
| 801 |
|
2 |
|a RU
|b 63413507
|c 20150701
|g RCR
|
| 942 |
|
|
|c BK
|
| 959 |
|
|
|a 99/20111212
|d 1
|e 308,00
|f ЧЗТЛ:1
|